[Event "49th RUS-ch (w)"]
[Site "Moscow RUS"]
[Date "1999.05.21"]
[Round "6"]
[White "Kosintseva, Nadezhda"]
[Black "Poliakova, Natalia"]
[Result "1-0"]
[WhiteElo "2209"]
[BlackElo "2218"]
[EventDate "1999.05.15"]
[PlyCount "105"]

1.e4 d5 2.exd5 Qxd5 3.Nc3 Qa5 4.Nf3 Nf6 5.h3 c6 6.Bd3 e5 7.O-O Bd6 8.Re1 
O-O 9.a3 Nbd7 10.Bf1 c5 11.d3 Bb8 12.Bg5 Qb6 13.Rb1 h6 14.Be3 Qc6 15.Nd2 
a6 16.Be2 Qc7 17.Nde4 Rd8 18.Ng3 Nf8 19.Bf3 Ne6 20.Nf1 Nd4 21.Ne4 Nd5 22.
Nc3 Nxf3+ 23.Qxf3 Be6 24.Ne4 Ba7 25.c4 Nxe3 26.Qxe3 b5 27.b3 Bf5 28.g4 Bg6
29.Nfg3 Qd7 30.Red1 Qd4 31.Qf3 Rab8 32.Rd2 Qd7 33.Rbd1 Qe7 34.Nf5 Bxf5 35.
gxf5 f6 36.Nc3 Bb6 37.Nd5 Qf7 38.Kh2 bxc4 39.dxc4 Ba5 40.Rd3 Kh8 41.Qe4 
Qh5 42.Rg1 Rf8 43.Ne7 Rfd8 44.Nd5 Rf8 45.Rg4 Rf7 46.Rgg3 Rfb7 47.Kg2 Qe8 
48.Qg4 Qf7 49.Rge3 Rg8 50.Rg3 Kh7 51.h4 g5 52.fxg6+ Rxg6 53.Qf5 1-0

[Event "49th RUS-ch (w)"]
[Site "Moscow RUS"]
[Date "1999.05.21"]
[Round "6"]
[White "Kovalevskaya, Ekaterina"]
[Black "Demina, Yulia"]
[Result "1/2-1/2"]
[WhiteElo "2494"]
[BlackElo "2361"]
[EventDate "1999.05.15"]
[PlyCount "105"]

1.e4 c5 2.Nf3 Nc6 3.Bb5 g6 4.O-O Bg7 5.c3 Nf6 6.Re1 O-O 7.h3 d5 8.e5 Ne8 
9.d4 Qb6 10.Bf1 cxd4 11.cxd4 Bf5 12.Nc3 Rd8 13.Na4 Qc7 14.Bf4 Qb8 15.Rc1 
Rc8 16.Qd2 Nc7 17.Nc5 b6 18.Na6 Qb7 19.Nxc7 Rxc7 20.e6 Rcc8 21.exf7+ Rxf7 
22.Bb5 Bd7 23.Bxc6 Bxc6 24.Be5 Bf6 25.Rc3 Rff8 26.Qh6 Rf7 27.Rec1 Qd7 28.
R1c2 Bb7 29.Rxc8+ Bxc8 30.Rc7 Qf5 31.Bxf6 exf6 32.Rxf7 Kxf7 33.Qxh7+ Ke8 
34.Nh4 Qb1+ 35.Kh2 Qxb2 36.Nxg6 Qa3 37.Qh8+ Kf7 38.Qxc8 Qd6+ 39.g3 Kxg6 
40.Qg8+ Kh6 41.h4 Qd7 42.Kg2 Qf5 43.Qh8+ Kg6 44.Qe8+ Kh6 45.Qe3+ Kg6 46.
Qf3 Qxf3+ 47.Kxf3 b5 48.Ke3 a5 49.Kd3 f5 50.Kd2 Kf6 51.a3 Kg6 52.Ke3 Kf6 
53.Kd2 1/2-1/2

[Event "49th RUS-ch (w)"]
[Site "Moscow RUS"]
[Date "1999.05.21"]
[Round "6"]
[White "Kulish, Irina"]
[Black "Zaitseva, Ludmila"]
[Result "1/2-1/2"]
[WhiteElo "2280"]
[BlackElo "2334"]
[EventDate "1999.05.15"]
[PlyCount "76"]

1.e4 c6 2.d4 d5 3.Nd2 dxe4 4.Nxe4 Nf6 5.Nxf6+ exf6 6.c3 Bd6 7.Bd3 Qc7 8.
Ne2 Bg4 9.Qc2 Nd7 10.h3 Be6 11.O-O g6 12.c4 f5 13.Bh6 Rg8 14.Qd2 Nf6 15.
Nf4 O-O-O 16.Rfe1 Nh5 17.Nxh5 gxh5 18.Kh1 Rg6 19.d5 Bd7 20.Rac1 c5 21.g3 
Bxg3 22.fxg3 Qxg3 23.Re3 Qd6 24.Qh2 Rxh6 25.Qxd6 Rxd6 26.Rf1 Rg8 27.Bxf5 
Bxf5 28.Rxf5 Rdg6 29.Re2 R8g7 30.Rxh5 Kd7 31.Rf5 a6 32.Kh2 b5 33.b3 bxc4 
34.bxc4 Rb6 35.Ref2 Ke7 36.Re2+ Kd7 37.Ref2 Ke7 38.Re2+ Kd7 1/2-1/2

[Event "49th RUS-ch (w)"]
[Site "Moscow RUS"]
[Date "1999.05.21"]
[Round "6"]
[White "Lundina, Aelita"]
[Black "Verevochkina, Elena"]
[Result "0-1"]
[WhiteElo "2220"]
[BlackElo "2150"]
[EventDate "1999.05.15"]
[PlyCount "64"]

1.c4 f5 2.g3 e6 3.Bg2 Nf6 4.b3 Be7 5.Bb2 O-O 6.Nf3 d5 7.O-O c6 8.d3 Qe8 9.
Nbd2 Qh5 10.Qc2 Nbd7 11.e4 dxc4 12.dxc4 f4 13.gxf4 Qh6 14.Nd4 Nc5 15.Ne2 
Nh5 16.Be5 Rd8 17.Nf3 Nd3 18.Bc7 Rd7 19.Ne5 Nb4 20.Qc1 Rxc7 21.Rd1 b6 22.
Bh3 Bb7 23.a3 Na6 24.b4 Rf8 25.Nd4 Nxf4 26.Bxe6+ Kh8 27.Kh1 c5 28.Ng4 Qh3 
29.Qxf4 Rxf4 30.Ne5 Bxe4+ 31.f3 Rxf3 32.Bxh3 Rf1# 0-1

[Event "49th RUS-ch (w)"]
[Site "Moscow RUS"]
[Date "1999.05.21"]
[Round "6"]
[White "Matveeva, Svetlana"]
[Black "Stiazhkina, Olga"]
[Result "1-0"]
[WhiteElo "2405"]
[BlackElo "2340"]
[EventDate "1999.05.15"]
[PlyCount "113"]

1.d4 d5 2.c4 dxc4 3.e4 Nf6 4.e5 Nd5 5.Bxc4 Nb6 6.Bd3 Nc6 7.Be3 Be6 8.Ne2 
Bd5 9.O-O e6 10.Nbc3 Qd7 11.a3 f5 12.Rc1 Nd8 13.Nf4 c6 14.g4 g6 15.gxf5 
exf5 16.Ncxd5 Nxd5 17.Nxd5 cxd5 18.Qb3 a6 19.Qb6 Ne6 20.Bc2 Kf7 21.Bb3 Be7
22.f4 Rhc8 23.Qa5 Rxc1 24.Rxc1 Rd8 25.Qb6 Rg8 26.Kh1 Rd8 27.Rc3 h6 28.Bd1 
Rc8 29.Bf3 Rxc3 30.bxc3 Qc6 31.Qb3 Nc7 32.a4 b5 33.axb5 axb5 34.Bd2 Qc4 
35.Qxc4 bxc4 36.Bd1 Ke6 37.Ba4 g5 38.fxg5 hxg5 39.Kg2 Kf7 40.Bd7 Kg6 41.
Bc1 Bf8 42.Kf3 Be7 43.Kg3 Na8 44.Be8+ Kg7 45.h4 Nc7 46.Bd7 gxh4+ 47.Kf4 h3
48.Kg3 Kg6 49.Kxh3 Bg5 50.Ba3 Bd2 51.Bd6 Bxc3 52.Bxc7 Bxd4 53.e6 Bf6 54.
Be5 Be7 55.Bc6 Bb4 56.Bxd5 c3 57.Bxc3 1-0

[Event "49th RUS-ch (w)"]
[Site "Moscow RUS"]
[Date "1999.05.21"]
[Round "6"]
[White "Mirzoeva, Elmira"]
[Black "Kosintseva, Tatiana"]
[Result "0-1"]
[WhiteElo "2161"]
[BlackElo "2177"]
[EventDate "1999.05.15"]
[PlyCount "78"]

1.e4 c5 2.Nf3 Nc6 3.d3 Nf6 4.g3 d5 5.Nbd2 g6 6.Bg2 Bg7 7.O-O O-O 8.Re1 b6 
9.Qe2 dxe4 10.dxe4 a5 11.e5 Nd5 12.c3 Qc7 13.a3 Ba6 14.Qe4 e6 15.Nf1 Rad8 
16.Bg5 Rd7 17.Rad1 h6 18.Bc1 Rfd8 19.h3 Nde7 20.Rxd7 Rxd7 21.c4 Bb7 22.Qf4
g5 23.Nxg5 Ng6 24.Nxe6 Nxf4 25.Nxc7 Nxg2 26.Kxg2 Nxe5+ 27.Nd5 Nxc4 28.f4 
Bxd5+ 29.Kh2 Bxb2 30.Bxb2 Nxb2 31.Ne3 Re7 32.Rb1 Rxe3 33.Rxb2 Rxa3 34.Rxb6
Ra2+ 35.Kg1 c4 36.Rb8+ Kg7 37.Rc8 a4 38.Rc5 Rd2 39.Ra5 c3 0-1

[Event "49th RUS-ch (w)"]
[Site "Moscow RUS"]
[Date "1999.05.21"]
[Round "6"]
[White "Ovchinnikova, Yulia"]
[Black "Polovnikova, Ekaterina"]
[Result "0-1"]
[WhiteElo "2205"]
[BlackElo "2336"]
[EventDate "1999.05.15"]
[PlyCount "66"]

1.c4 Nf6 2.Nc3 c5 3.g3 Nc6 4.Bg2 g6 5.a3 Bg7 6.d3 O-O 7.e4 Ne8 8.Nge2 Nc7 
9.Rb1 a5 10.O-O d6 11.Bd2 Ne6 12.Nb5 Bd7 13.b3 Ned4 14.Nbxd4 Nxd4 15.Be3 
Nxe2+ 16.Qxe2 Bc6 17.f4 b5 18.Rfd1 Rb8 19.Bf2 Qc7 20.Qc2 Rfc8 21.Rdc1 bxc4
22.bxc4 Rxb1 23.Rxb1 Rb8 24.Be3 Rb6 25.Rxb6 Qxb6 26.Bf3 Qb2 27.Bd1 Qxa3 
28.Bd2 a4 29.Kf2 Qb2 30.Bc1 Bd4+ 31.Ke2 Qa1 32.Kd2 a3 33.Qb3 a2 0-1

[Event "49th RUS-ch (w)"]
[Site "Moscow RUS"]
[Date "1999.05.21"]
[Round "6"]
[White "Stepovaya-Dianchenko, Tatiana"]
[Black "Shadrina, Tatiana"]
[Result "0-1"]
[WhiteElo "2444"]
[BlackElo "2325"]
[EventDate "1999.05.15"]
[PlyCount "66"]

1.e4 c5 2.d3 g6 3.f4 Bg7 4.Nf3 e6 5.g3 Ne7 6.Bg2 Nbc6 7.O-O O-O 8.c3 Rb8 
9.Be3 d6 10.Bf2 b5 11.e5 dxe5 12.fxe5 Nxe5 13.Nxe5 Bxe5 14.Bxc5 Qc7 15.d4 
Bd6 16.Bxd6 Qxd6 17.Nd2 Nd5 18.Ne4 Qe7 19.Qd2 Kg7 20.Nc5 Bb7 21.a4 Bc6 22.
axb5 Bxb5 23.Rfe1 Rfd8 24.b3 Nf6 25.Qf2 Rbc8 26.Bh3 Bc6 27.c4 Rd6 28.d5 
Nxd5 29.cxd5 Bxd5 30.Ne4 Bxe4 31.Rxe4 Rc7 32.Rea4 Rb6 33.Rxa7 Rxa7 0-1

[Event "49th RUS-ch (w)"]
[Site "Moscow RUS"]
[Date "1999.05.21"]
[Round "6"]
[White "Strutinskaya, Galina"]
[Black "Ershova, Svetlana"]
[Result "1-0"]
[WhiteElo "2295"]
[BlackElo "2263"]
[EventDate "1999.05.15"]
[PlyCount "119"]

1.d4 Nf6 2.c4 g6 3.Nf3 Bg7 4.g3 d6 5.Bg2 O-O 6.O-O Nbd7 7.Nc3 e5 8.e4 Re8 
9.Re1 exd4 10.Nxd4 Nc5 11.h3 a5 12.Ndb5 Bd7 13.Bg5 h6 14.Bf4 Bc6 15.Qc2 
Nfd7 16.Rad1 a4 17.Be3 Qc8 18.b3 axb3 19.axb3 Na6 20.Bd4 Ne5 21.f4 Bxb5 
22.cxb5 Nb4 23.Qe2 c5 24.bxc6 Nexc6 25.Bxg7 Kxg7 26.Nb5 Ra2 27.Rd2 Rxd2 
28.Qxd2 Rd8 29.Nxd6 Qc7 30.Rd1 Kh7 31.e5 Qb6+ 32.Qf2 Qa5 33.Kh2 Qa3 34.Qf3
Qb2 35.Nxf7 Rxd1 36.Qxd1 Nd4 37.e6 Nd5 38.Ne5 Ne3 39.Qg1 Nef5 40.Qe1 Qxb3 
41.g4 Ne7 42.Qe4 Nxe6 43.Nd7 Kg7 44.f5 gxf5 45.gxf5 Kf7 46.Ne5+ Ke8 47.
fxe6 Qxe6 48.Qa4+ Kf8 49.Nd7+ Kg7 50.Qd4+ Kf7 51.Ne5+ Ke8 52.Bxb7 Qf5 53.
Qe3 Qc2+ 54.Bg2 Qc7 55.Qf4 Qd6 56.Kg1 Qc5+ 57.Kh1 Qd6 58.Bf3 Qe6 59.Bh5+ 
Kd8 60.Nf7+ 1-0

[Event "49th RUS-ch (w)"]
[Site "Moscow RUS"]
[Date "1999.05.21"]
[Round "6"]
[White "Slavina, Irina"]
[Black "Andreeva, Natalia"]
[Result "1/2-1/2"]
[WhiteElo "2265"]
[BlackElo "2254"]
[EventDate "1999.05.15"]
[PlyCount "144"]

1.d4 Nf6 2.c4 g6 3.Nc3 d5 4.Bf4 Bg7 5.e3 O-O 6.Qb3 dxc4 7.Bxc4 Nc6 8.Be2 
Nd7 9.Nf3 Nb6 10.Rd1 a5 11.d5 Nb4 12.e4 Bd7 13.O-O Na6 14.Bxa6 Rxa6 15.Nb5
a4 16.Qd3 Na8 17.b3 Bg4 18.h3 Bxf3 19.Qxf3 axb3 20.axb3 Qd7 21.Nd4 Nb6 22.
Qc3 Rc8 23.Qc5 Bf8 24.Qc2 Bg7 25.Qc5 Bf8 26.Qc3 Bg7 27.Rd2 Qe8 28.Qd3 Ra5 
29.Qc3 Rxd5 30.exd5 Nxd5 31.Qf3 Nxf4 32.Nf5 Nxh3+ 33.Qxh3 gxf5 34.Qxf5 Rd8
35.Rfd1 Rd6 36.Qe4 Qd7 37.Rxd6 cxd6 38.Rc1 d5 39.Qa4 Qd8 40.Qa7 Bh6 41.Rc3
d4 42.Rd3 b6 43.Qb7 e5 44.Qe4 Bg7 45.Rg3 Kh8 46.Qb7 Kg8 47.Rf3 Bf6 48.Qd5 
Bg7 49.Qb7 Bf6 50.Qe4 Bg7 51.b4 h6 52.Qb7 Bf6 53.Ra3 Qd6 54.Ra8+ Kg7 55.
Qb8 Be7 56.Qh8+ Kg6 57.Rg8+ Kf5 58.Qh7+ Ke6 59.Qxh6+ Kd7 60.Qh3+ Qe6 61.
Qa3 Qd6 62.Qh3+ Qe6 63.Qxe6+ Kxe6 64.Rb8 Bxb4 65.Rxb6+ Bd6 66.Kf1 Kd5 67.
Ke2 f5 68.f3 e4 69.fxe4+ fxe4 70.g4 d3+ 71.Kd2 Bf4+ 72.Kc3 Be5+ 1/2-1/2

[Event "49th RUS-ch (w)"]
[Site "Moscow RUS"]
[Date "1999.05.21"]
[Round "6"]
[White "Zayats, Elena"]
[Black "Shumiakina, Tatiana"]
[Result "1-0"]
[WhiteElo "2293"]
[BlackElo "2407"]
[EventDate "1999.05.15"]
[PlyCount "77"]

1.d4 d5 2.c4 e6 3.Nc3 c6 4.e3 Nf6 5.Nf3 Nbd7 6.Bd3 dxc4 7.Bxc4 b5 8.Bd3 
Bb7 9.e4 b4 10.Na4 c5 11.e5 Nd5 12.O-O cxd4 13.Re1 a6 14.Bc2 g6 15.Qxd4 
Bg7 16.Bg5 Qa5 17.Bd2 Rc8 18.Bb3 Qb5 19.Qh4 h6 20.Qg3 a5 21.Nd4 Qa6 22.a3 
bxa3 23.Rxa3 O-O 24.Nc3 Nxc3 25.Bxc3 Rc5 26.Nxe6 fxe6 27.Qxg6 Bd5 28.Bc2 
Rf4 29.Qh7+ Kf7 30.Bg6+ Kf8 31.Bd2 Qc4 32.g3 Nxe5 33.Bxf4 Qb4 34.Rea1 Qxb2
35.Rb1 Qxa3 36.Rb8+ Ke7 37.Qxg7+ Kd6 38.Qxe5+ Ke7 39.Re8+ 1-0

[Event "49th RUS-ch (w)"]
[Site "Moscow RUS"]
[Date "1999.05.21"]
[Round "6"]
[White "Zakurdyaeva, Irina"]
[Black "Ovod, Evgenia"]
[Result "1-0"]
[WhiteElo "2143"]
[BlackElo "2290"]
[EventDate "1999.05.15"]
[PlyCount "105"]

1.e4 e5 2.Nf3 Nc6 3.c3 Nf6 4.d4 exd4 5.e5 Ne4 6.Qe2 d5 7.exd6 f5 8.Nxd4 
Bxd6 9.f3 Qh4+ 10.g3 Bxg3+ 11.hxg3 Qxh1 12.Nxc6 bxc6 13.fxe4 O-O 14.Bf4 
fxe4 15.Nd2 e3 16.Bxe3 Bh3 17.O-O-O Bxf1 18.Nxf1 a5 19.Qc4+ Kh8 20.Bf4 h6 
21.Ne3 Qf3 22.Rf1 Qh5 23.Qxc6 Rae8 24.Rh1 Rf6 25.Rxh5 Rxc6 26.Rxa5 Rce6 
27.Nc2 Re2 28.b4 Rg2 29.Re5 Ra8 30.Kb2 g5 31.Be3 Rxg3 32.Re7 Rg2 33.Rxc7 
Re8 34.Bd4+ Kg8 35.Kb3 Ree2 36.Ne3 Rb2+ 37.Kc4 Rge2 38.b5 Rxa2 39.b6 Reb2 
40.b7 Ra4+ 41.Kd3 h5 42.Nf5 Ra5 43.Ne7+ Kf8 44.Ng6+ Ke8 45.c4 Rb3+ 46.Ke4 
h4 47.c5 Ra6 48.Rc8+ Kf7 49.Ne5+ Ke7 50.c6 g4 51.c7 Rxb7 52.Re8+ Kxe8 53.
c8=Q+ 1-0

[Event "49th RUS-ch (w)"]
[Site "Moscow RUS"]
[Date "1999.05.22"]
[Round "7"]
[White "Polovnikova, Ekaterina"]
[Black "Andreeva, Natalia"]
[Result "1/2-1/2"]
[WhiteElo "2336"]
[BlackElo "2254"]
[EventDate "1999.05.15"]
[PlyCount "107"]

1.e4 c5 2.Nf3 Nc6 3.Bb5 g6 4.O-O Bg7 5.c3 Nf6 6.Re1 O-O 7.h3 Qb6 8.Na3 d5 
9.e5 Ne8 10.d3 Nc7 11.Ba4 Ne6 12.Nc2 Rd8 13.d4 Qa5 14.Bxc6 bxc6 15.dxc5 
Qxc5 16.Ncd4 Qb6 17.Nxe6 Bxe6 18.b4 Qc7 19.Be3 Bf5 20.Bc5 Be4 21.Nd4 Bxe5 
22.f3 Bf5 23.Rxe5 Qxe5 24.Nxc6 Qf4 25.Nxe7+ Kg7 26.Nxd5 Qc4 27.Qd4+ Qxd4+ 
28.Bxd4+ Kf8 29.Bc5+ Kg7 30.Bd4+ Kf8 31.Nf6 h6 32.Re1 a6 33.Nh7+ Kg8 34.
Nf6+ Kf8 35.Nh7+ Kg8 36.Nf6+ Kf8 37.a4 Bc2 38.a5 Bf5 39.Nh7+ Kg8 40.Nf6+ 
Kf8 41.g4 Be6 42.h4 Rab8 43.Kf2 Ke7 44.g5 hxg5 45.hxg5 Rb5 46.Ne4 Rxd4 47.
cxd4 Rxb4 48.d5 Rb2+ 49.Re2 Rxe2+ 50.Kxe2 Bxd5 51.Ke3 Bc4 52.Kd4 Be2 53.f4
Ke6 54.Nc3 1/2-1/2

[Event "49th RUS-ch (w)"]
[Site "Moscow RUS"]
[Date "1999.05.22"]
[Round "7"]
[White "Demina, Yulia"]
[Black "Grabuzova, Tatiana"]
[Result "1-0"]
[WhiteElo "2361"]
[BlackElo "2281"]
[EventDate "1999.05.15"]
[PlyCount "51"]

1.Nf3 Nf6 2.c4 e6 3.Nc3 d5 4.d4 dxc4 5.e3 c5 6.Bxc4 Nc6 7.O-O Be7 8.Qe2 
O-O 9.Rd1 cxd4 10.exd4 Nd5 11.Bb3 Re8 12.Ne5 Bf6 13.Qe4 Ncb4 14.a3 Nxc3 
15.bxc3 Nd5 16.Rd3 b5 17.Rh3 h6 18.Bc2 Kf8 19.a4 b4 20.c4 Nb6 21.a5 Nxc4 
22.Nxc4 Qxd4 23.Rb1 Ba6 24.Ne3 Rac8 25.g4 b3 26.Ba3+ 1-0

[Event "49th RUS-ch (w)"]
[Site "Moscow RUS"]
[Date "1999.05.22"]
[Round "7"]
[White "Ershova, Svetlana"]
[Black "Ovchinnikova, Yulia"]
[Result "1/2-1/2"]
[WhiteElo "2263"]
[BlackElo "2205"]
[EventDate "1999.05.15"]
[PlyCount "28"]

1.d4 Nf6 2.c4 e6 3.Nf3 b6 4.a3 Bb7 5.Nc3 d5 6.Qc2 Be7 7.cxd5 exd5 8.g3 O-O
9.Bh3 Nbd7 10.O-O Ne4 11.Bf4 Ndf6 12.Nxe4 dxe4 13.Ne5 h6 14.Rac1 Bd6 
1/2-1/2

[Event "49th RUS-ch (w)"]
[Site "Moscow RUS"]
[Date "1999.05.22"]
[Round "7"]
[White "Kosintseva, Tatiana"]
[Black "Kulish, Irina"]
[Result "1/2-1/2"]
[WhiteElo "2177"]
[BlackElo "2280"]
[EventDate "1999.05.15"]
[PlyCount "169"]

1.e4 e5 2.Nf3 Nc6 3.d4 exd4 4.Bc4 Nf6 5.e5 Ng4 6.Qe2 Qe7 7.Bf4 f6 8.exf6 
Nxf6 9.Nbd2 d6 10.Nb3 d3 11.Qxe7+ Bxe7 12.c3 Bf5 13.Nfd4 Bd7 14.Ne6 Bxe6 
15.Bxe6 Nh5 16.Be3 Rf8 17.g3 Ne5 18.f4 Nd7 19.O-O-O g6 20.Rxd3 Ng7 21.Bh3 
O-O-O 22.Re1 Bf6 23.Na5 Nf5 24.Bg2 c6 25.Bf2 Kc7 26.Bh3 d5 27.Nb3 b6 28.
Nd2 Nd6 29.Kc2 Nc5 30.Bxc5 bxc5 31.Rde3 Rde8 32.Nb3 Rxe3 33.Rxe3 Ne4 34.
Bg2 c4 35.Nd2 Nd6 36.Bh3 Re8 37.Rxe8 Nxe8 38.Nf3 Nd6 39.Be6 Kd8 40.Ng5 h6 
41.Nh7 Bg7 42.g4 Ke7 43.f5 gxf5 44.gxf5 Ne4 45.h4 Nc5 46.Bg8 Bf6 47.Nxf6 
Kxf6 48.Bh7 Ne4 49.Bg6 Nd6 50.b3 cxb3+ 51.Kxb3 Nxf5 52.h5 c5 53.Ka4 d4 54.
Kb3 Ke5 55.cxd4+ cxd4 56.Kc2 Ne3+ 57.Kd3 Nd5 58.Kd2 Nf4 59.Bf7 Kf6 60.Be8 
Ke7 61.Ba4 Kd6 62.Be8 Ke7 63.Ba4 Nxh5 64.Kd3 Kd6 65.Kxd4 Nf6 66.Bc2 h5 67.
Bg6 h4 68.Bf5 Nd5 69.Bg4 Nb4 70.Kc4 Nd5 71.Kd4 Nf6 72.Bf5 Ne8 73.Ke4 Kc5 
74.Kf4 Kb4 75.Kg4 Nd6 76.Be6 Nb5 77.Kxh4 Ka3 78.Kg3 Nc3 79.Kf3 Nxa2 80.Ke3
Nc3 81.Kd3 Kb4 82.Kc2 a5 83.Kb2 a4 84.Bf7 Nb5 85.Bg8 1/2-1/2

[Event "49th RUS-ch (w)"]
[Site "Moscow RUS"]
[Date "1999.05.22"]
[Round "7"]
[White "Kosteniuk, Alexandra"]
[Black "Stepovaya-Dianchenko, Tatiana"]
[Result "0-1"]
[WhiteElo "2329"]
[BlackElo "2444"]
[EventDate "1999.05.15"]
[PlyCount "140"]

1.e4 c5 2.Nf3 Nc6 3.Bb5 g6 4.O-O Bg7 5.c3 Nf6 6.Re1 O-O 7.h3 e5 8.d3 d6 9.
Nbd2 Ne8 10.Nf1 Nc7 11.Ba4 b5 12.Bb3 Be6 13.Ne3 Kh8 14.Bd2 Rb8 15.Bxe6 
Nxe6 16.a4 b4 17.Nd5 a5 18.Rf1 Ne7 19.Nxe7 Qxe7 20.Ne1 f5 21.f3 Bf6 22.Nc2
f4 23.Be1 h5 24.Bf2 Rf7 25.Qd2 g5 26.Rfd1 Rg8 27.Kf1 g4 28.hxg4 hxg4 29.
Ke2 gxf3+ 30.gxf3 Bh4 31.Rh1 Rh7 32.Rag1 Rxg1 33.Bxg1 bxc3 34.bxc3 Qd7 35.
Kd1 Qxa4 36.Qg2 Qe8 37.Qg4 Bd8 38.Rxh7+ Kxh7 39.Na3 Qg6 40.Qh3+ Kg7 41.Bf2
a4 42.Nb5 Be7 43.Bh4 Kf7 44.Bxe7 Kxe7 45.Kc2 Qg8 46.c4 Nd4+ 47.Nxd4 cxd4 
48.Qh1 Kd7 49.Qd1 Qb8 50.Qb1 Qxb1+ 51.Kxb1 Ke6 52.Kb2 Kf6 53.Ka3 Kg5 54.
Kxa4 Kh4 55.Kb5 Kg3 56.Kc6 Kxf3 57.Kxd6 Ke3 58.c5 f3 59.c6 f2 60.c7 f1=Q 
61.c8=Q Qxd3 62.Qc1+ Kxe4 63.Qe1+ Qe3 64.Qh1+ Kd3 65.Qb1+ Kc3 66.Qa1+ Kb4 
67.Kd5 Qc3 68.Qa6 d3 69.Qb6+ Ka4 70.Qa6+ Qa5+ 0-1

[Event "49th RUS-ch (w)"]
[Site "Moscow RUS"]
[Date "1999.05.22"]
[Round "7"]
[White "Lopatskaya, Elena"]
[Black "Stiazhkina, Olga"]
[Result "0-1"]
[WhiteElo "2284"]
[BlackElo "2340"]
[EventDate "1999.05.15"]
[PlyCount "54"]

1.Nf3 d5 2.b3 Bg4 3.g3 Nd7 4.Bb2 c6 5.Bg2 e6 6.O-O h5 7.d3 h4 8.Nbd2 hxg3 
9.hxg3 Ngf6 10.c4 Qc7 11.e4 dxe4 12.Nxe4 Nxe4 13.dxe4 O-O-O 14.Qe2 Bc5 15.
e5 f6 16.Rab1 Rh5 17.b4 Bxb4 18.exf6 Bc5 19.fxg7 Qxg3 20.Rfe1 Rh2 21.Nxh2 
Bxe2 22.Rxe2 e5 23.Nf3 Qxg7 24.Kf1 Rg8 25.Ne1 Bd4 26.Bxd4 exd4 27.Rb3 Nc5 
0-1

[Event "49th RUS-ch (w)"]
[Site "Moscow RUS"]
[Date "1999.05.22"]
[Round "7"]
[White "Mashinskaya, Yulia"]
[Black "Chasovnikova, Evgenia"]
[Result "1/2-1/2"]
[WhiteElo "2354"]
[BlackElo "2247"]
[EventDate "1999.05.15"]
[PlyCount "105"]

1.e4 c6 2.d4 d5 3.f3 e5 4.dxe5 Bc5 5.Bd3 Qb6 6.Ne2 Nd7 7.Bf4 Ne7 8.Nbc3 d4
9.Na4 Qa5+ 10.c3 dxc3 11.Naxc3 Ng6 12.e6 fxe6 13.Qb3 O-O 14.Bg3 Be3 15.Rd1
Nc5 16.Qc2 e5 17.h4 Be6 18.h5 Nf4 19.Bxf4 exf4 20.h6 g6 21.e5 Nxd3+ 22.
Qxd3 Rad8 23.Qe4 Rd5 24.b4 Rxd1+ 25.Nxd1 Qxa2 26.Nxe3 fxe3 27.Qxe3 Qb1+ 
28.Nc1 Qxb4+ 29.Kf2 Rd8 30.Nd3 Qd4 31.Qxd4 Rxd4 32.Nc5 Rd2+ 33.Kg3 Bd5 34.
Nxb7 Re2 35.Ra1 Rxe5 36.Rxa7 Rh5 37.Nd6 Rxh6 38.Ne8 g5 39.Kg4 Rg6 40.Kf5 
Be6+ 41.Ke5 Bf7 42.Nf6+ Kg7 43.Ne4 h6 44.Rd7 Re6+ 45.Kf5 c5 46.Nxc5 Rf6+ 
47.Ke5 Kg6 48.Nb7 Re6+ 49.Kd4 Re2 50.Rd6+ Re6 51.Rxe6+ Bxe6 52.Ke5 Bc4 53.
Nd6 1/2-1/2

[Event "49th RUS-ch (w)"]
[Site "Moscow RUS"]
[Date "1999.05.22"]
[Round "7"]
[White "Matveeva, Svetlana"]
[Black "Zayats, Elena"]
[Result "1-0"]
[WhiteElo "2405"]
[BlackElo "2293"]
[EventDate "1999.05.15"]
[PlyCount "171"]

1.d4 Nf6 2.c4 e6 3.Nc3 Bb4 4.Bg5 h6 5.Bh4 c5 6.d5 b5 7.Qc2 bxc4 8.e4 e5 9.
Bxc4 O-O 10.Ne2 d6 11.O-O Nbd7 12.Nd1 g5 13.Bg3 Nb6 14.a3 Ba5 15.Bd3 Bd7 
16.Ne3 Nh5 17.Rab1 Nc8 18.f3 Bc7 19.Bf2 Nf4 20.Nxf4 gxf4 21.Nf5 Kh7 22.g3 
Rg8 23.Kh1 fxg3 24.Bxg3 Bxf5 25.exf5 Qf6 26.Qf2 Bd8 27.Be4 Nb6 28.f4 exf4 
29.Bxf4 Nc4 30.Qc2 Ne5 31.Bxe5 dxe5 32.d6 Rc8 33.Qc4 Rg4 34.Rg1 Rxg1+ 35.
Rxg1 Rb8 36.b3 Bb6 37.Rd1 Rd8 38.Qd5 Rd7 39.Qc6 Rd8 40.a4 Kh8 41.Qd5 Rd7 
42.Qa8+ Rd8 43.Qc6 Kg7 44.Qd5 Kh8 45.d7 Kg7 46.Qb7 Kf8 47.a5 Bxa5 48.Qxa7 
Bb6 49.Qb7 Ke7 50.Bc6 Ba5 51.Qb5 Bb4 52.Be4 Qh4 53.Qc6 Qf6 54.Qc7 Kf8 55.
Ra1 Ke7 56.Rd1 Kf8 57.Bc6 Ba5 58.Qd6+ Qxd6 59.Rxd6 Ke7 60.Rxh6 Bd2 61.Rh7 
Kf6 62.Kg2 e4 63.Kf2 Bg5 64.Rh5 Bc1 65.Ke2 Bf4 66.h3 Bg5 67.Rh7 Bc1 68.Rh4
Kxf5 69.Bxe4+ Ke5 70.Bc6 Kd6 71.Bb5 Bb2 72.Kd3 Be5 73.Ke4 f6 74.Kf5 Rg8 
75.Rg4 Rh8 76.Rg7 Rh5+ 77.Kg6 Rh8 78.h4 Ke6 79.h5 Bf4 80.Bc4+ Kd6 81.Rh7 
Rd8 82.Kf5 Be5 83.h6 Kc6 84.Rf7 Rh8 85.h7 Kc7 86.Rg7 1-0

[Event "49th RUS-ch (w)"]
[Site "Moscow RUS"]
[Date "1999.05.22"]
[Round "7"]
[White "Mirzoeva, Elmira"]
[Black "Lundina, Aelita"]
[Result "0-1"]
[WhiteElo "2161"]
[BlackElo "2220"]
[EventDate "1999.05.15"]
[PlyCount "150"]

1.e4 e5 2.Bc4 Nf6 3.d3 Be7 4.Nf3 d6 5.O-O O-O 6.h3 Be6 7.Nbd2 c6 8.Re1 
Bxc4 9.dxc4 Nbd7 10.Nf1 Nc5 11.Ng3 Re8 12.c3 Qc7 13.Qc2 Ne6 14.Be3 Rad8 
15.Rad1 d5 16.cxd5 cxd5 17.exd5 Nxd5 18.Bc1 f6 19.Qf5 Nef4 20.Qe4 Bf8 21.
Nf1 Qf7 22.a3 Qg6 23.Ng3 Qxe4 24.Rxe4 Ne6 25.Ree1 Nc5 26.b4 Nb3 27.c4 Nb6 
28.c5 Nc4 29.a4 a5 30.Be3 Rxd1 31.Rxd1 Nxe3 32.fxe3 axb4 33.Rb1 Nxc5 34.
Rxb4 Ra8 35.Rb6 Rxa4 36.Nf5 g6 37.Nd6 Ra6 38.Rxa6 bxa6 39.Nc4 Kf7 40.g4 
Ke6 41.Kf1 Nb3 42.e4 a5 43.Nb2 Bb4 44.Na4 Nc5 45.Nxc5+ Bxc5 46.Ke2 a4 47.
Kd3 a3 48.Kc2 Be7 49.Nh4 Kd6 50.Nf3 Kc5 51.Kb3 a2 52.Kxa2 Kc4 53.g5 Kd3 
54.gxf6 Bxf6 55.Kb3 Kxe4 56.Ne1 Ke3 57.Kc2 Kf2 58.Nd3+ Kg3 59.Kd2 Kxh3 60.
Ke3 Kg4 61.Nf2+ Kf5 62.Kf3 g5 63.Ng4 e4+ 64.Kg3 Be5+ 65.Kh3 h5 66.Ne3+ Kf4
67.Ng2+ Kf3 68.Ne1+ Kf2 69.Nd3+ Kf1 70.Nxe5 e3 71.Nc4 e2 72.Ne3+ Kf2 73.
Nc2 e1=Q 74.Nxe1 Kxe1 75.Kg3 Ke2 0-1

[Event "49th RUS-ch (w)"]
[Site "Moscow RUS"]
[Date "1999.05.22"]
[Round "7"]
[White "Ovod, Evgenia"]
[Black "Kosintseva, Nadezhda"]
[Result "1/2-1/2"]
[WhiteElo "2290"]
[BlackElo "2209"]
[EventDate "1999.05.15"]
[PlyCount "84"]

1.d4 Nf6 2.c4 c5 3.d5 b5 4.Nd2 g6 5.e4 d6 6.b3 Bg7 7.Bb2 O-O 8.Qc2 b4 9.
Bd3 e5 10.Ne2 a5 11.O-O Nh5 12.f4 exf4 13.Bxg7 Kxg7 14.Nxf4 Nxf4 15.Rxf4 
Nd7 16.Qb2+ Ne5 17.Nf3 f6 18.Nxe5 fxe5 19.Rxf8 Qxf8 20.Rf1 Qe7 21.Qf2 Bd7 
22.Be2 a4 23.Bd1 a3 24.h3 Rf8 25.Qxf8+ Qxf8 26.Rxf8 Kxf8 27.Kf2 Ke7 28.Kg3
Kf6 29.Kh4 Be8 30.g4 h6 31.Be2 Bd7 32.Bd1 Be8 33.Bc2 Bf7 34.Bb1 Bg8 35.Bd3
g5+ 36.Kg3 Bf7 37.Be2 Bg6 38.Bd3 Be8 39.Bc2 Bd7 40.Bd1 Be8 41.Kf3 Bf7 42.
Bc2 Be8 1/2-1/2

[Event "49th RUS-ch (w)"]
[Site "Moscow RUS"]
[Date "1999.05.22"]
[Round "7"]
[White "Poliakova, Natalia"]
[Black "Gansvind, Valeria"]
[Result "1/2-1/2"]
[WhiteElo "2218"]
[BlackElo "2240"]
[EventDate "1999.05.15"]
[PlyCount "151"]

1.d4 e6 2.Nc3 c5 3.d5 d6 4.e4 Nf6 5.Nf3 e5 6.Be2 g6 7.O-O Bg7 8.Nd2 O-O 9.
a4 Ne8 10.Nc4 Qe7 11.f4 Nd7 12.f5 Nb6 13.Ne3 a5 14.g4 Bd7 15.Ng2 g5 16.h4 
Bf6 17.Be3 Kh8 18.Kf2 Rg8 19.Rh1 gxh4 20.Qd2 Bg5 21.Rh3 Bxe3+ 22.Qxe3 Qg5 
23.Rxh4 Qxe3+ 24.Nxe3 Rg5 25.Rh6 Kg7 26.Rah1 Nf6 27.b3 Rh8 28.Kf3 Nc8 29.
Bb5 Bxb5 30.Nxb5 b6 31.R1h4 Ng8 32.f6+ Kf8 33.Rxh7 Rxh7 34.Rxh7 Nxf6 35.
Rh8+ Rg8 36.Rxg8+ Kxg8 37.Nf5 Ne8 38.g5 Kh7 39.Kg4 Kg8 40.Kh4 Kh7 41.Kg4 
f6 42.Kh5 fxg5 43.Kxg5 Kg8 44.Na3 Kf7 45.Nc4 Kf8 46.Kg6 Kg8 47.Nh6+ Kf8 
48.Nf5 Kg8 49.Nce3 Kf8 50.c3 Kg8 51.Ng4 Kf8 52.Nf6 Nc7 53.c4 Na6 54.Nh7+ 
Ke8 55.Kf6 Kd8 56.Ke6 Nc7+ 57.Kf7 Na6 58.Nf8 Nb4 59.Ke6 Kc7 60.Ne7 Na7 61.
Neg6 Nc2 62.Ke7 Nc8+ 63.Ke8 Nd4 64.Ne6+ Kb7 65.Ne7 Nxb3 66.Kd7 Nxe7 67.
Kxe7 Nd2 68.Kxd6 Nxe4+ 69.Ke7 Ng3 70.Nd8+ Kc8 71.Nc6 e4 72.d6 Nf5+ 73.Ke6 
Ng7+ 74.Ke7 Nf5+ 75.Ke6 Ng7+ 76.Ke7 1/2-1/2

[Event "49th RUS-ch (w)"]
[Site "Moscow RUS"]
[Date "1999.05.22"]
[Round "7"]
[White "Shadrina, Tatiana"]
[Black "Galianina, Yulia"]
[Result "0-1"]
[WhiteElo "2325"]
[BlackElo "2300"]
[EventDate "1999.05.15"]
[PlyCount "74"]

1.e4 c5 2.Nf3 Nc6 3.d4 cxd4 4.Nxd4 Nf6 5.Nc3 d6 6.Bc4 e6 7.Be3 a6 8.Qe2 
Qc7 9.Bb3 Na5 10.g4 b5 11.g5 Nd7 12.Bxe6 fxe6 13.Nxe6 Qc4 14.Qxc4 Nxc4 15.
Nc7+ Kd8 16.Nxa8 Nxe3 17.fxe3 Bb7 18.a4 b4 19.Nd5 Bxa8 20.Nxb4 Bxe4 21.Rf1
Nc5 22.Ke2 Be7 23.Rf7 Ke8 24.Raf1 a5 25.Nd3 Bg6 26.Rxg7 Ne6 27.Rxe7+ Kxe7 
28.h4 Rc8 29.c3 Rb8 30.Rf6 Bxd3+ 31.Kxd3 Rxb2 32.Rh6 Nf8 33.h5 Rg2 34.g6 
hxg6 35.hxg6 Nxg6 36.Rh7+ Ke6 37.Ra7 Ne5+ 0-1